000 00578nam a2200217 a 4500
001 BRCA_6182
005 20190320205348.0
008 110711s1944----enk#######---#000-0#eng-#
041 _aeng
044 _aenk
050 4 _aE169.1
_b.B7973 1944
100 1 _aBrogan, Denis William
_d1900-
_915565
245 1 0 _aThe American problem
_cby D. W. Brogan.
260 _aLondres
_bHanish Hamilton
_c1944
300 _a176 p.
_c20 cm.
500 _aIncluye índice onomastico
500 _aK64
651 4 _aEstados Unidos
_xCivilización.
_915566
902 _aGFM
942 _2lcc
_cB
999 _c5869
_d5869